Vágyak, emberek, istenek tanulmányok, esszék

Elmentve itt :
Bibliográfiai részletek
Szerző: Bretter György
Adatforrás:Philobibl
Dokumentumtípus: Könyv
Nyelv:magyar
Kulcsszavak:elidegenedés
esszé
humanizmus
Kafka
Sartre
Marx
Ikarosz
Megjelent: Bukarest Kriterion 1970
LEADER 00483nam a2200193 c 4500
001 bibPHI0032060
005 20200924122959.4
008 080411s1970 rm hun
100 1 |a Bretter György 
245 1 0 |a Vágyak, emberek, istenek  |b tanulmányok, esszék  |c Bretter György 
260 |a Bukarest  |b Kriterion  |c 1970 
300 |a 269 p. 
695 |a elidegenedés 
695 |a esszé 
695 |a humanizmus 
695 |a Kafka 
695 |a Sartre 
695 |a Marx 
695 |a Ikarosz